| 000 | 00707na a2200265 4500 | ||
|---|---|---|---|
| 001 | 12569 | ||
| 003 | MIRAKIL | ||
| 005 | 20181213154731.0 | ||
| 008 | 160820b tu 000 0 | ||
| 020 | _a9758243071 | ||
| 035 | _a12569 | ||
| 040 |
_aMilas _btur _cTR-AnCHP |
||
| 082 |
_a302.5 _bL31k 2005 |
||
| 090 | _a302.5 L31k 2005 | ||
| 100 | _aLe Bon, Gustave | ||
| 245 |
_aKitleler psikolojisi _cGustave Le Bon ; Editör Yunus Ender |
||
| 260 |
_aİstanbul _bHayat Yayıncılık _c2005 |
||
| 300 |
_a143 s. _c21 sm. |
||
| 490 |
_aPsikoloji dizisi _v2 |
||
| 490 |
_aHayat yayınları _v6 |
||
| 650 | _aSosyal psikoloji | ||
| 650 |
_aKitleler _xPsikoloji |
||
| 700 | _aEnder, Yunus | ||
| 942 |
_2ddc _cBKS |
||
| 999 |
_c49 _d49 |
||